Cálculo diferencial e integral (Registro nro. 8141)
[ vista simple ]
| 000 -LEADER | |
|---|---|
| fixed length control field | 01770 a2200241 4500 |
| 001 - CONTROL NUMBER | |
| control field | 63357 |
| 005 - DATE AND TIME OF LATEST TRANSACTION | |
| control field | 20260407155931.0 |
| 008 - FIXED-LENGTH DATA ELEMENTS--GENERAL INFORMATION | |
| fixed length control field | 260407a1963 arg spa d |
| 003 - CONTROL NUMBER IDENTIFIER | |
| control field | AR-UNSa-BCEJYS |
| 040 ## - CATALOGING SOURCE | |
| Original cataloging agency | AR-UNSa-BCEJYS |
| Language of cataloging | spa |
| Transcribing agency | AR-UNSa-BCEJYS |
| 080 ## - UNIVERSAL DECIMAL CLASSIFICATION NUMBER | |
| Universal Decimal Classification number | 517.2/3 |
| Common auxiliary subdivision | Cálculo diferencial e integral |
| 041 ## - LANGUAGE CODE | |
| Language code of text/sound track or separate title | spa |
| 100 1# - MAIN ENTRY--PERSONAL NAME | |
| Personal name | Granville, William Anthony |
| 245 10 - TITLE STATEMENT | |
| Title | Cálculo diferencial e integral |
| 264 #1 - PRODUCTION, PUBLICATION, DISTRIBUTION, MANUFACTURE, AND COPYRIGHT NOTICE | |
| Place of production, publication, distribution, manufacture | México : |
| Name of producer, publisher, distributor, manufacturer | Unión Tipográfica Editorial Hispano-Americana (UTEHA) |
| Date of production, publication, distribution, manufacture, or copyright notice | 1963 |
| 300 ## - PHYSICAL DESCRIPTION | |
| Extent | xiv, 686 p. |
| Dimensions | 23 cm. |
| 505 ## - FORMATTED CONTENTS NOTE | |
| Formatted contents note | 1. Resumen de fórmulas - 2. Variables, funciones y límites - 3. Derivación - 4. Reglas para derivar funciones algebraicas - 5. Aplicaciones de la derivada - 6. Serivadas sucesivas de una función. Aplicaciones - 7. Derivación de funciones trascendentes. Aplicaciones - 8. Aplicaciones a las funciones paramétricas y polares y al cálculo de las raíces de una ecuación - 9. Diferenciales - 10. Curvatura. Radio de curvatura. Cículo de curvatura - 11. Teorema del valor medio y sus aplicaciones - 12. Integración de formas elementales ordianrias - 13. Constante de integración - 14. Integral definida - 15. La integración como suma - 16. Artificios de integración - 17. Fórmulas de reducción. Uso de la tabla de integrales - 18. Centros de gravedad - 19. Series - 20. Desarrollo de funciones en serie de potencias - 21. Ecuaciones diferenciales ordinarias - 22. Funciones hiperbólicas - 23. Derivadas parciales - 24. Aplicaciones de las derivadas parciales - 25. Integrales múltiples - 26. Curvas importantes - 27. Tabla de integrales - |
| 590 ## - LOCAL NOTE (RLIN) | |
| Local note | niveau_biblio:m niveau_hierar:0 |
| 700 1# - ADDED ENTRY--PERSONAL NAME | |
| Personal name | Smith, Percey F. |
| 700 1# - ADDED ENTRY--PERSONAL NAME | |
| Personal name | Byington, Steven T. |
| 700 1# - ADDED ENTRY--PERSONAL NAME | |
| Personal name | Longley, William Raymond |
| 942 ## - ADDED ENTRY ELEMENTS (KOHA) | |
| Koha item type | |
| Withdrawn status | Lost status | Damaged status | Not for loan | Home library | Current library | Shelving location | Date acquired | Total checkouts | Full call number | Barcode | Date last seen | Price effective from | Koha item type |
|---|---|---|---|---|---|---|---|---|---|---|---|---|---|
| Biblioteca Prof. Eusebio Cleto del Rey | Biblioteca Prof. Eusebio Cleto del Rey | 07/04/2026 | 517.2/3 G765 | L21968 | 07/04/2026 | 07/04/2026 | Libro | ||||||
| Biblioteca Prof. Eusebio Cleto del Rey | Biblioteca Prof. Eusebio Cleto del Rey | 07/04/2026 | 517.2/3 G765 | L20593 | 07/04/2026 | 07/04/2026 | Libro | ||||||
| Biblioteca Prof. Eusebio Cleto del Rey | Biblioteca Prof. Eusebio Cleto del Rey | 07/04/2026 | 517.2/3 G765 | L20594 | 07/04/2026 | 07/04/2026 | Libro | ||||||
| Biblioteca Prof. Eusebio Cleto del Rey | Biblioteca Prof. Eusebio Cleto del Rey | 07/04/2026 | 517.2/3 G765 | L22141 | 07/04/2026 | 07/04/2026 | Libro | ||||||
| Biblioteca Prof. Eusebio Cleto del Rey | Biblioteca Prof. Eusebio Cleto del Rey | 07/04/2026 | 517.2/3 G765 | L22338 | 07/04/2026 | 07/04/2026 | Libro | ||||||
| Biblioteca Prof. Eusebio Cleto del Rey | Biblioteca Prof. Eusebio Cleto del Rey | 07/04/2026 | 517.2/3 G765 | L85052 | 07/04/2026 | 07/04/2026 | Libro |